000 00668nam a22001817a 4500
003 OSt
005 20260406145416.0
008 260406b |||||||| |||| 00| 0 eng d
020 _a9789819775200
040 _cn
082 _a307.76 B154 2025
100 _aBailey, Ajay
245 _aInclusive Cities and Global Urban Transformation: Infrastructures, Intersectionalities, and Sustainable Development /
_cAjay Bailey; Kei Otsuki.
260 _bSingapore. Springer Natur. 2025
300 _a350 pages, 24 cm.
650 _aUrban development – Inclusive cities – Sustainable urban planning – Social equity in cities – Urban governance
942 _2ddc
_cBK-EN
_n0
999 _c8768
_d8768